000 00597nam a2200205 i 4500
003 DO-SdBNP
005 20250430112918.0
007 ta
008 250430b2024 xx ||||| |||| 00| 0 spa d
020 _a9798334397651
040 _aDO-SdBNP
_bspa
_cBNPHU
_erda
082 4 _axxx
_bxxx
_222
100 _aCanahuate Ruiz, Julio Gabriel,
_eautor
_4aut.
_987234
245 1 3 _aLa búsqueda del tesoro maldito
264 4 _aPaís no identificado :
_bEditor no identificado,
_c2024.
300 _axii, 124, páginas ;
_c23 cm.
590 _aInventariado, 2025/BT
910 _aBtavárez
942 _2ddc
_cLBS1
999 _c58463
_d58463